Základy biochemie

Gespeichert in:
Bibliographische Detailangaben
1. Verfasser: Klouda, Pavel
Format: Buch
Sprache:Tschechisch
Veröffentlicht: Ostrava Nakladatelství Pavel Klouda 2000
Ausgabe:1. vyd.
Schlagworte:
Online-Zugang:Im OPAC anzeigen
Tags: Tag hinzufügen
Keine Tags, Fügen Sie das erste Tag hinzu!

MARC

LEADER 00000nam a2200000 a 4500
005 20260127134242.0
008 060411 2000 xr 000 0 cze d
020 |a 8086369005 
035 |a vtls008690059 
039 9 |y 200604110947  |z mschk03 
040 |a STUSCHK1  |b slo  |c STUSCHK1  |e AACR2 
080 |a 577.1 
100 1 |a Klouda, Pavel 
245 1 |a Základy biochemie 
250 |a 1. vyd. 
260 |a Ostrava  |b Nakladatelství Pavel Klouda  |c 2000 
300 |a 155 s. 
650 0 |a biochemie 
910 |a SCHK95 
919 |a 80-86369-00-5 
999 |c 7898  |d 7898